000 00854nam a2200229Ii 4500
003 JO-AjNU
008 230605s9999||||xx |||||||||||||| ||und||
017 _a2015/10/5197
020 _a978-9957-204-5
040 _aJO-AjNU
_bara
_erda
_cJO-AjNU
041 _aara
050 1 4 _aDS154 2015
100 3 _aوهيب، محمد ,
_eauthor
_961122
245 0 0 _aالرصيفة بلدة اردنية: دراسة في الاصالة والمعاصرة
264 3 1 _aعمان:وزارة الثقافة، 2015
300 _a420ص
336 _atext
_btxt
_2rdacontent
337 _aunmediated
_bn
_2rdamedia
338 _avolume
_bnc
_2rdacarrier
490 0 _aسلسلة كتب ثقافية تصدرها وزارة الثقافة اللملكه الاردنية الهاشمية دراسات 2016
650 4 _aالمدن والقرى-الاردن
_961123
999 _aA27608
_c31176
_d31176